000 00649nam a2200241Ia 4500
003 OSt
005 20230428100251.0
008 210423s2006 xx 000 0 und d
020 _a9788122430776
040 _cAL
041 _aeng
082 _a338
_223
_bBARR
100 _aBARTHWAL (R R)
_982367
245 _aIndustrial economics: an introductory textbook
250 _a2
260 _aNew Delhi
_bNew Age International
_c2006
300 _axi,544
365 _b200
_cINR
650 _aEconomics
_982368
650 _aProduction Economics
_982369
906 _aan ; economics: ; Industrial ; introductory ; textbook
942 _2ddc
_cBK
999 _c156857
_d156857